Szczegóły MARC21

Die deutsche Literatur von Karl dem Grossen bis zum Beginn der höfischen Dichtung 770-1170 /

003 -Nazwa inst., której nr kontr. jest w polu 001 [,]
    • @
    • Nazwa instytucji, której n kontrolny jest w polu 001
    • NUKAT
005 -DATA I CZAS OSTATNIEJ MODYFIKACJI [,]
    • @
    • pole kontrolne
    • 20241231090607.0
020 -Międzynarod. znormalizowany nr książki - ISBN [ , ]
    • a
    • Numer ISBN
    • 3406060889 Find
040 -Instytucja sporządzająca opis [ , ]
    • a
    • Instytucja, która sporządziła opis (NP)
    • NUKAT
    • c
    • Instytucja, która sporządziła rekord (NP)
    • GD U/Doro
    • d
    • Instytucja, która zmodyfikowała rekord (P)
    • OLSZT 003/bak
942 -Rodzaj dokumentu [ , ]
    • c
    • Rodzaj dokumentu
    • Książka
100 -Hasło główne - nazwa osobowa [1, ]
    • a
    • Nazwa osobowa (NP)
    • Boor, Helmut Anton Wilhelm de
    • d
    • Daty biograficzne (NP)
    • (1891-1976).
    • 9
    • KHW
    • 75327
245 -Strefa tytułu i oznaczenia odpowiedzialności [1,4]
    • a
    • Tytuł
    • Die deutsche Literatur von Karl dem Grossen bis zum Beginn der höfischen Dichtung 770-1170 / Find
    • c
    • Pozostałe elementy strefy tytułu i oznaczenia odpowiedzialności (NP)
    • von Helmut de Boor.
250 -Strefa wydania [ , ]
    • a
    • Oznaczenie wydania (NP)
    • 9. Aufl. /
    • b
    • Ciąg dalszy strefy wydania (NP)
    • bearb. von Herbert Kolb.
260 -Strefa adresu wydawniczego [ , ]
    • a
    • Miejsce wydania (P)
    • München :
    • b
    • Nazwa wydawcy (P)
    • C. H. Beck'sche Verlagsbuchhandlung,
    • c
    • Data wydania (P)
    • 1979.
300 -Strefa opisu fizycznego [ , ]
    • a
    • Określenie formy książki i/lub objętość (NP)
    • 342 s. ;
    • c
    • Format (NP)
    • 23 cm.
336 -Typ zawartości [ , ]
    • a
    • Termin opisujący typ zawartości
    • Tekst
    • b
    • Kod określający zawartość
    • txt
    • 2
    • Źródło (terminu i kodu)
    • rdacontent
337 -Typ mediów [ , ]
    • a
    • Tryb odtwarzania
    • Bez urządzenia pośredniczącego
    • b
    • Kod typu mediów
    • n
    • 2
    • Źródło (terminu i kodu)
    • rdamedia
338 -Typ/rodzaj nośnika [ , ]
    • a
    • Hasło opisujące typ nośnika
    • Wolumin
    • b
    • Kod typu nośnika
    • nc
    • 2
    • Źródło (terminu i kodu)
    • rdacarrier
490 -Strefa serii i książki wielotomowej - forma nie do wyszukiwania [1, ]
    • a
    • Tytuł (P)
    • Geschichte der deutschen Literatur von den Anfängen bis zur Gegenwart / begr. von Helmut de Boor und Richard Newald ; Find
    • v
    • Numeracja (P)
    • Bd. 1
504 -Uwaga dot. bibliogr. załącznikowej [ , ]
    • a
    • Uwaga dot. bibliografii załącznikowej
    • Bibliogr. s. 257-331. Indeks.
080 -Uniwersalna Klasyfikacja Dziesiętna [ , ]
    • a
    • Symbol klasyfikacji
    • 830(091)"770/1830"=30
650 -Hasło przedmiotowe [ ,7]
    • a
    • Hasło przedmiotowe
    • Literatura niemiecka
    • y
    • Określnik chronologiczny
    • 750-1050 (staro-wysoko-niemiecka)
    • x
    • Określnik rzeczowy
    • historia i krytyka.
    • 2
    • Źródło terminu
    • kaba
    • 9
    • KHW
    • 469335
650 -Hasło przedmiotowe [ ,7]
    • a
    • Hasło przedmiotowe
    • Literatura niemiecka
    • y
    • Określnik chronologiczny
    • 1050-1500 (średnio-wysoko-niemiecka)
    • x
    • Określnik rzeczowy
    • historia i krytyka.
    • 2
    • Źródło terminu
    • kaba
    • 9
    • KHW
    • 372187
980 -Symbol UKD [ , ]
    • a
    • UKD
    • 830(091)"770/1830"=30
700 -Hasło dodatkowe - nazwa osobowa [1, ]
    • a
    • Nazwa osobowa (NP)
    • Newald, Richard Find
    • d
    • Daty biograficzne (NP)
    • (1894-1954).
    • 9
    • KHW
    • 486289
700 -Hasło dodatkowe - nazwa osobowa [1, ]
    • a
    • Nazwa osobowa (NP)
    • Kolb, Herbert Find
    • d
    • Daty biograficzne (NP)
    • (1924-1991).
    • e
    • Określenie rodzaju współpracy
    • Oprac.
    • 9
    • KHW
    • 486368
710 -Hasło dodatkowe - nazwa ciała zbiorowego [2, ]
    • a
    • Nazwa ciała zbiorowego lub nazwa geograficzna jako pierwszy element (NP)
    • Verlag C.H. Beck.
    • 4
    • Kod relacji
    • pbl
    • 9
    • KHW
    • 80052
800 -Hasło dodatkowe opisu książki wielotomowej - nazwa osobowa [1, ]
    • a
    • Nazwa osobowa (NP)
    • Boor, Helmut Anton Wilhelm de
    • d
    • Daty biograficzne (NP)
    • (1891-1976).
    • t
    • Tytuł ujednolicony/tytuł (NP)
    • Geschichte der deutschen Literatur von den Anfängen bis zur Gegenwart
    • l
    • Język tekstu (NP)
    • (niem.)
    • v
    • Oznaczenie tomu (NP)
    • Bd. 1
    • 9
    • KHW
    • 486288
920 -ISBN [ , ]
    • a
    • ISBN
    • 3-406-06088-9 Find
Lokalizacja Data inwentaryzacji Numer inwentarzowy Status udost. Sygnatura
BM1995-12-05G.107051GERM.Literatura niemieckojęz. 31